|
|
|
|
| LEADER |
00947nam a2200253 a 4500 |
| 001 |
12246302 |
| 008 |
090614s2000 enk b 001 0 eng d |
| 010 |
|
|
|a 00712239
|
| 040 |
|
|
|a UKM
|c UKM
|d DLC
|
| 020 |
|
|
|a 0198296622
|
| 020 |
|
|
|a 0198296630 (pbk)
|
| 082 |
0 |
0 |
|a 174/.4
|2 21
|
| 100 |
1 |
|
|a Sternberg, Elaine.
|
| 245 |
1 |
0 |
|a Just business :
|b business ethics in action /
|c Elaine Sternberg.
|
| 250 |
|
|
|a 2nd ed.
|
| 260 |
|
|
|a Oxford ;
|a New York :
|b Oxford University Press,
|c 2000.
|
| 300 |
|
|
|a xviii, 302 p. ;
|c 25 cm.
|
| 500 |
|
|
|a Previous ed.: London : Little, Brown, 1994.
|
| 504 |
|
|
|a Includes bibliographical references (p. [269]-[294] and index.
|
| 541 |
1 |
|
|e 00013356
|
| 650 |
|
0 |
|a Business ethics.
|
| 852 |
4 |
|
|a Ayesha Abed Library
|j General Shelf.
|
| 999 |
|
|
|c 1562
|d 1562
|
| 952 |
|
|
|0 0
|1 0
|2 ddc
|4 0
|6 174_400000000000000_STE
|7 0
|9 1437
|a BRACUL
|b BRACUL
|c GEN
|d 2009-06-28
|g 441.40
|l 2
|m 1
|o 174.4 STE
|p 3010013356
|r 2024-12-21
|s 2024-12-08
|t 1
|w 2009-06-28
|y BK
|